| 000 | 00447nam a22001697a 4500 | ||
|---|---|---|---|
| 005 | 20260508152634.0 | ||
| 008 | 260508b |||||||| |||| 00| 0 eng d | ||
| 020 |
_a9788130905143 _qpbk |
||
| 041 | _aeng | ||
| 082 | _a418 COO | ||
| 245 | _aSecond Language Writing Systems | ||
| 260 |
_aEngland _bMultilingual Matters Ltd. |
||
| 300 |
_a448p. : _c25cm |
||
| 504 | _aindex | ||
| 650 | _a Standard usage & applied linguistics | ||
| 942 | _cENGLISH | ||
| 999 |
_c622880 _d622880 |
||